Statistics for The Vampire Diaries Season 3 Trivia Quiz

Click here to take the quiz!

General Stats

  • This quiz has been taken 2,935 times
    (2,908 since last reset)
  • The average score is 6 of 15

Answer Stats

Hint\Answer% Correct
Whose blood can cure a werewolf bite?Klaus'
99%
After being resurrected from the dead, Jeremy ends up seeing two dead people. Who are they?Anna and Vicki
57%
Damon finds out that the Wickery Bridge was made out of what type of wood?White Oak
56%
While in Denver, Jeremy befriended who?Kol
53%
Which one of the original brother's was Sage in love with?Finn
52%
What's the name of Caroline's father?Bill Forbes
50%
In order to make hybrids Klaus needs whose blood in order to make the transformation work correctly?Elena's
50%
In the episode "Ghost World," who comes back to haunt Damon?Mason Lockwood
46%
What is Klaus's full name?Niklaus Mikaelson
45%
What is the name of the vampire that Damon met in the year 1912?Sage
26%
What is the only thing that can kill an original vampire?A stake from the White Oak Tree
25%
Which ancestor of the Gilbert family tree was committed to an insane asylum?Samantha Gilbert
13%
What is the name of Bonnie's mother?Abby Bennett Wilson
7%
In the episode "Dangerous Liasons," Esther needs what type of blood to complete a spell?Doppleganger blood
5%
Who is the one man that Klaus is afraid of?His father Mikael
2%

Score Distribution

Percentile by Number Answered

Percent of People with Each Score

Your Score History

You have not taken this quiz since the last reset